00245nam a2200085Ia 450000100070000000500170000700800410002424500730006526000210013864850420250826153723.0250824s9999 xx 000 0 und d 0aAŞKI SÖYLEMEK GALİB İN HÜNERİ/ ŞEYH GALİPcAYLA ABAK bGENÇ TİMAŞ